书目信息 |
| 题名: |
中国大文学史
|
|
| 作者: | 梓潼谢无量 | |
| 分册: | ||
| 出版信息: | 上海 中华书局 1926 |
|
| 页数: | 十卷 | |
| 开本: | 20cm | |
| 丛书名: | ||
| 单 册: | ||
| 中图分类: | I209.2 | |
| 科图分类: | ||
| 主题词: | 文学--中国 | |
| 电子资源: | ||
| ISBN: | ||
| 000 | 00530nam0 2200193 450 | |
| 001 | 0628856516 | |
| 005 | 20060809080549.87 | |
| 010 | @dCNY3.00 | |
| 100 | @a20060809d1926 km y0chiy0120 ea | |
| 101 | 0 | @achi |
| 102 | @aCN@b310000 | |
| 200 | 1 | @a中国大文学史@Azhong guo da wen xue shi@f梓潼谢无量@Fzi tong xie wu liang |
| 210 | @a上海@c中华书局@d1926 | |
| 215 | @a十卷@d20cm | |
| 606 | 0 | @a文学@x中国 |
| 690 | @aI209.2@v3 | |
| 701 | 0 | @a梓潼谢无量@Azi tong xie wu liang |
| 801 | 0 | @aCN@bPFT@c20060809 |
| 905 | @a10447@dI209.2@e228=10 | |
| 中国大文学史/梓潼谢无量.-上海:中华书局,1926 |
| 十卷;20cm |
| ISBN :CNY3.00 |
| ● |
| 相关链接 |
|
|
|
|
正题名:中国大文学史
索取号:I209.2/228=10
 
预约/预借
| 序号 | 登录号 | 条形码 | 馆藏地/架位号 | 状态 | 备注 |
| 1 | 0449903 | 204499033 | 密集书库/ [索取号:I209.2/228=10] | 在馆 |